| 000 | 00413nam a22001817a 4500 | ||
|---|---|---|---|
| 003 | OSt | ||
| 005 | 20260520113635.0 | ||
| 008 | 260520b |||||||| |||| 00| 0 eng d | ||
| 040 | _cAL | ||
| 041 | _aEng | ||
| 082 | _a333.7 RAVE | ||
| 100 |
_aRavindranath M J _9264169 |
||
| 245 | _aEnviornmental education | ||
| 260 |
_aNew delhi _bCEE _c2005 |
||
| 300 | _a248p | ||
| 651 |
_aEnv _9264170 |
||
| 942 |
_2ddc _cBED |
||
| 999 |
_c241465 _d241465 |
||